Meranie hluku traktorov

Podrobná bibliografia
Hlavní autori: Drabant, Štefan, 1944- (Autor), Tkáč, Zdenko, 1974- (Autor), Cvíčela, Pavol (Autor), Majdan, Radoslav, 1981- (Autor)
Médium: Článok
Jazyk:slovenčina
Fyzický popis:Obr., tab.
ISSN:1335-2555
Predmet:

MARC

LEADER 00000nab a2200000 a 4500
001 vtls010200223
003 SK-MaSNL
005 20260304155816.0
008 250507c2009 xo ||||||||||||00 b|slo
015 |a SNBRB2010/12  |2 snkbucl 
035 |a (sysno)vtls010200223 
035 |a urn:nbn:sk:snk-ab71aj 
035 |a (uuid)f264956f-0944-44ae-a3f0-222b1ff1429d 
035 |a (urnnbn)urn:nbn:sk:snk:ar-a06itd 
038 |a SNKBUCL 
040 |a SNKBUCL  |b slo  |c SNKBUCL  |e AACR2 
041 0 |a slo  |b eng  |b slo 
044 |a xo  |c SK 
072 7 |a 614.8  |x Úrazy a ich prevencia  |2 konspekt 
080 |a 631.372:534.835/.836.08  |2 1997 
080 |a 534.835/.836.08  |2 1997 
080 |a 613.644  |2 1997 
080 |a 629.366.014.2:534.835/.836  |2 1997 
245 0 0 |a Meranie hluku traktorov  |c Štefan Drabant ... [et al.] 
246 3 1 |a Measurement of tractor noise 
300 |b Obr., tab. 
504 |a Bibliogr. odkazy 
546 |a Res. angl., slov. 
650 0 7 |a traktory  |2 snkbucl  |9 26007 
650 0 7 |a hluk  |2 snkbucl  |9 3699 
650 0 7 |a meranie  |2 snkbucl  |9 884 
700 1 |a Drabant, Štefan,  |d 1944-  |4 aut  |9 114371 
700 1 |a Tkáč, Zdenko,  |d 1974-  |4 aut  |9 192955 
700 1 |a Cvíčela, Pavol  |4 aut  |9 653358 
700 1 |a Majdan, Radoslav,  |d 1981-  |4 aut  |9 163636 
773 0 |t Acta technologica agriculturae  |g Roč. 12, č. 3 (2009), s. 57-60  |x 1335-2555 
850 |a Slovenská národná knižnica 
852 |a Slovenská národná knižnica 
954 |a odborná, vedecká literatúra pôvodná (slovenská)  |2 lita 
958 |a article27 
958 |a NB 
958 |a OND 
958 |a EUIPO 
999 |c 2964396  |d 2966326